| 000 | 01498caa a2200277 ib4500 | ||
|---|---|---|---|
| 003 | SA-RiAUC | ||
| 005 | 20241003124936.0 | ||
| 008 | 240925s1998 su g b 000f0 ara c | ||
| 040 |
_aSA-RiKSU _bara _cSA-RiAUC _erda |
||
| 082 | 0 | 4 | _a250 |
| 090 |
_a250 _bس ل م |
||
| 100 | 1 |
_aالسلمي، سعد بن غرير بن مهدي _eمؤلف. |
|
| 245 | 1 | 2 |
_aالحيل وأحكامها في الشريعة الإسلامية / _cسعد بن غرير السلمي. |
| 250 | _a9960347311 | ||
| 264 |
_aالمؤلف: _c1998. |
||
| 300 | _a68 صفحة | ||
| 336 |
_aنص _btxt _2rdacontent _3مقالة |
||
| 337 |
_aبدون وسيط _bn _2rdamedia |
||
| 338 |
_aمجلد _bnc _2rdacarrier |
||
| 504 | _aيشتمل على ببليوجرافية. | ||
| 580 | _aفي : مجلة البحوث الفقهية المعاصرة : مجلة علمية محكمة متخصصة في الفقه الإسلامي. | ||
| 650 | 7 |
_aالحيل الشرعية _vمقالات ومحاضرات _2aucsh |
|
| 773 | 0 |
_tمجلة البحوث الفقهية المعاصرة : مجلة علمية محكمة متخصصة في الفقه الإسلامي / الشركة السعودية للتوزيع. _wAUC_OC_50508 _gسنة 10، عدد 39 (ربيع الآخر / جمادى الأولى / جمادى الآخرة 1419 هجري = أغسطس / آب / سبتمبر / أيلول / أكتوبر / تشرين الأول 1998)، صفحة 141-208 _x13190792 |
|
| 942 |
_2ddc _cBOOK _n0 |
||
| 949 |
_aSA-JeALM _d240925 _umohamedma123 _n1 |
||
| 999 |
_c606 _d606 |
||